<?xml version="1.0" encoding="UTF-8"?>
<collection xmlns="http://www.loc.gov/MARC21/slim">
 <record>
  <leader>00463pamaa2200145   4500</leader>
  <controlfield tag="001">0000012955</controlfield>
  <controlfield tag="005">20060601090000.0</controlfield>
  <datafield tag="020" ind1="0" ind2="0">
   <subfield code="a">1901919005 </subfield>
  </datafield>
  <datafield tag="082" ind1=" " ind2=" ">
   <subfield code="a">352.1159 GIL</subfield>
  </datafield>
  <datafield tag="090" ind1="0" ind2="0">
   <subfield code="a">DS521 </subfield>
   <subfield code="b">GIL 1997</subfield>
  </datafield>
  <datafield tag="100" ind1="1" ind2="0">
   <subfield code="a">GILL </subfield>
  </datafield>
  <datafield tag="245" ind1="1" ind2="0">
   <subfield code="a">Asean towards the 21st century : </subfield>
   <subfield code="b">a thirty-year review of the association of Southeast Asian nations  </subfield>
   <subfield code="c">Ranjit Gill.</subfield>
  </datafield>
  <datafield tag="260" ind1="0" ind2="0">
   <subfield code="a">London: </subfield>
   <subfield code="b">Asean Academic Press, </subfield>
   <subfield code="c">1997.</subfield>
  </datafield>
  <datafield tag="300" ind1=" " ind2=" ">
   <subfield code="a">254p.: </subfield>
   <subfield code="b">23cm.</subfield>
  </datafield>
  <datafield tag="650" ind1="0" ind2="0">
   <subfield code="a">International relations -- </subfield>
   <subfield code="x">Asean </subfield>
  </datafield>
 </record>
</collection>
